| 000 | 00809nam a2200265 a 4500 | ||
|---|---|---|---|
| 001 | 12273 | ||
| 003 | BD-RjUL | ||
| 005 | 20211208235251.0 | ||
| 008 | 140128s19491939us a b 001 0 eng d | ||
| 035 | _a(BD-RjUL)12322 | ||
| 040 |
_aDLC _cFQG _dBD-RjUL _beng |
||
| 041 | _aeng | ||
| 082 | 0 | 0 |
_a612.3926 _bSHM 1949 |
| 100 | 1 |
_aShohl, Alfred Theodore, _d1889- _938100 |
|
| 245 | 1 | 0 |
_aMineral metabolism / _cby Alfred T. Shohl. |
| 260 |
_aNew York : _bReinhold, _cc1939 [Printing 1949]. |
||
| 300 |
_ax, 384 p : _bill. ; _c24 cm. |
||
| 504 | _aIncludes bibliographies and indexes. | ||
| 650 | 0 |
_aWater in the body _xMetabolism. _938101 |
|
| 650 | 0 |
_aMinerals _xMetabolism _938102 |
|
| 830 | 0 |
_aMonograph series (American Chemical Society) _930083 |
|
| 942 |
_2ddc _cBK |
||
| 999 |
_c12273 _d12273 |
||